Troubles of children and parents / (Record no. 28967)
[ view plain ]
| 000 -LEADER | |
|---|---|
| fixed length control field | 00941cam a22002651 4500 |
| 001 - CONTROL NUMBER | |
| control field | 28967 |
| 003 - CONTROL NUMBER IDENTIFIER | |
| rucl marc code | BD-RjUL |
| 005 - DATE AND TIME OF LATEST TRANSACTION | |
| control field | 20211209051343.0 |
| 008 - FIXED-LENGTH DATA ELEMENTS--GENERAL INFORMATION | |
| fixed length control field | 750718s1948 enk 000 0 eng |
| 035 ## - SYSTEM CONTROL NUMBER | |
| System control number | (BD-RjUL)29051 |
| System control number | (OCoLC)1459968 |
| 040 ## - CATALOGING SOURCE | |
| Original cataloging agency | DLC |
| Transcribing agency | FJ |
| Modifying agency | OCoLC |
| -- | DLC |
| -- | BD-RjUL |
| Language of cataloging | eng |
| 041 ## - LANGUAGE CODE | |
| Language code of text/sound track or separate title | eng |
| 082 04 - DEWEY DECIMAL CLASSIFICATION NUMBER | |
| Classification number | 649.1 |
| Author mark and year | IST 1948 |
| 100 1# - MAIN ENTRY--PERSONAL NAME | |
| Personal name | Isaacs, Susan Sutherland Fairhurst, |
| Dates associated with a name | 1885-1948. |
| 9 (RLIN) | 88498 |
| 245 10 - TITLE STATEMENT | |
| Title | Troubles of children and parents / |
| Statement of responsibility, etc. | Susan Sutherland Fairhurst Isaacs. |
| 260 ## - PUBLICATION, DISTRIBUTION, ETC. (IMPRINT) | |
| Place of publication, distribution, etc. | London : |
| Name of publisher, distributor, etc. | Methuen, |
| Date of publication, distribution, etc. | 1948. |
| 300 ## - PHYSICAL DESCRIPTION | |
| Pagination | xiv, 238 p. ; |
| Size | 19 cm. |
| 500 ## - GENERAL NOTE | |
| General note | "Selected from ... actual letters from parents and nurses which I answered under the pseudonym of ʻUrsula Wise' in the Nursery world ... during the years 1929-36." |
| General note | "References for further reading" : p. [237]-238. |
| 650 #0 - SUBJECT ADDED ENTRY--TOPICAL TERM | |
| Topical term or geographic name as entry element | Child rearing. |
| 9 (RLIN) | 16818 |
| 942 ## - ADDED ENTRY ELEMENTS (KOHA) | |
| Source of classification or shelving scheme | Dewey Decimal Classification |
| Koha item type | Books |
| Lost status | Source of classification or shelving scheme | Damaged status | Not for loan | Permanent Location | Current Location | Shelving location | Date acquired | Source of acquisition | Cost, normal purchase price | Total Checkouts | Full call number | Date last seen | Copy number | Koha item type |
|---|---|---|---|---|---|---|---|---|---|---|---|---|---|---|
| Dewey Decimal Classification | Central Library, University of Rajshahi | Central Library, University of Rajshahi | Reading Room | 06/09/1955 | B. H. Blackwell | 85.60 | 649.1 IST 1948 | 01/04/2014 | C-1 | Books |